Geografía: espacios geográficos de américa /

Guardado en:
Autor Principal: Bustos, Florencia
Formato: Libro
Publicado: Buenos Aires : Santillana, 2012
Series:Conocer +
Materias:
Etiquetas: Agregar Etiqueta
Sin Etiquetas, Sea el primero en etiquetar este registro!
LEADER 01515nam a22002295a 4500
001 CEM.cems013899
005 20160802180303.0
008 130507s2012##################000#0#####d
003 CEMS
020 |a 9789504631156 
082 0 4 |a Z918 
100 1 |a Bustos, Florencia 
245 1 0 |a Geografía: espacios geográficos de américa /  |c Florencia Bustos ...[et Al.] 
260 |a Buenos Aires :  |b Santillana,  |c 2012 
300 |a 256 p. 
490 0 |a Conocer + 
505 0 |a Las imágenes del mundo y el uso de mapas -- Un continente en el mundo -- Los numerosos territorios de América -- De los territorios indígenas a los actuales -- Poblaciones americanas -- Culturas de América -- Los recursos naturales -- Los relieves de América -- La variabilidad climática y de biomas -- Las cuencas hidrográficas y los recursos hídricos -- El suelo como recurso -- Minerales y combustibles fósiles -- Recursos forestales y pesqueros -- Problemas ambientales en América y en el mundo -- América Latina en el mundo -- Economías estatales y globales -- ¿Materias primas y alimentos para el mundo? -- ¿Una región industrializada? -- Los servicios, un sector que crece -- La integración regional y los bloques económicos -- Geopolítica de los recursos naturales -- Los movimientos sociales 
653 |a Geografía 
653 |a Geografía americana 
653 |a Educación secundaria 
859 |a CEMS  |b BIB. CEMS - 11 de abril  |h Z918  |i B185  |p 25725.09  |t Ej.2 
859 |a CEMS  |b BIB. CEMS - 11 de abril  |h Z918  |i B185  |p 26650.13  |t Ej.1